| 000 | 01031nam a2200313 a 4500 | ||
|---|---|---|---|
| 999 |
_c1727 _d1727 |
||
| 001 | 1727 | ||
| 003 | BD-JhCC | ||
| 005 | 20171023193907.0 | ||
| 008 | 840703s1984 coub b a 001 0 eng | ||
| 020 |
_a0865317836 (pbk.) : _c$11.95 (est.) |
||
| 020 |
_a0865317828 (hard) : _c$27.50 (est.) |
||
| 035 | _a(BD-JhCC)1727 | ||
| 040 |
_aDLC _cDLC _dDLC |
||
| 041 | _aeng | ||
| 050 | 0 | 0 |
_aF1414.2 _b.D93 1984 |
| 082 | 0 | 0 |
_a327/.098 _219 _bLIN 1984 |
| 100 | _a Lincoln, Jennie K. | ||
| 245 | 0 | 4 |
_aThe Dynamics of Latin American foreign policies : _bchallenges for the 1980s / _cedited by Jennie K. Lincoln and Elizabeth G. Ferris. |
| 260 |
_aBoulder : _bWestview Press, _c1984. |
||
| 300 |
_axvi, 325 p. : _bmap ; _c23 cm. |
||
| 440 | 0 | _aWestview special studies on Latin America and the Caribbean | |
| 500 | _aIncludes index. | ||
| 504 | _aBibliography: p. 285-304. | ||
| 651 | 0 |
_aLatin America _xForeign relations _y1980- |
|
| 700 | 1 | _aLincoln, Jennie K. | |
| 700 | 1 | _aFerris, Elizabeth G. | |
| 942 |
_2ddc _cBK |
||